| 000 | 00647nam a2200229 a 4500 | ||
|---|---|---|---|
| 001 | 3567 | ||
| 005 | 20140414132026.0 | ||
| 008 | 040112s19uu xx 00 eng d | ||
| 020 | _a0-89565-271-4 | ||
| 050 |
_aTR _bM66 1984 |
||
| 100 | _aMoncure, Jane Belk | ||
| 245 |
_aMy first book / _cJane Belk Moncure. |
||
| 260 |
_aChicago : _bThe Child's World, _c1984. |
||
| 300 | _a30 p. ; cm. | ||
| 500 | _aTR/PS | ||
| 520 | _aEach illustration is accompanied by a single word that identifies it. | ||
| 650 | _aVocabulary. | ||
| 650 |
_aNumber concepts _xJuvenile literature. |
||
| 650 | _aCounting. | ||
| 650 | _aCounting. | ||
| 999 |
_c113554 _d113554 |
||